<?xml version="1.0" encoding="UTF-8"?>
<record
    xmlns:xsi="http://www.w3.org/2001/XMLSchema-instance"
    xsi:schemaLocation="http://www.loc.gov/MARC21/slim http://www.loc.gov/standards/marcxml/schema/MARC21slim.xsd"
    xmlns="http://www.loc.gov/MARC21/slim">

  <leader>00615nam a22002057a 4500</leader>
  <controlfield tag="003">NUST</controlfield>
  <controlfield tag="005">20240307103636.0</controlfield>
  <controlfield tag="008">240307b           ||||| |||| 00| 0 eng d</controlfield>
  <datafield tag="020" ind1=" " ind2=" ">
    <subfield code="a">9781119747222</subfield>
  </datafield>
  <datafield tag="038" ind1=" " ind2=" ">
    <subfield code="a">Malang Jan</subfield>
  </datafield>
  <datafield tag="082" ind1=" " ind2=" ">
    <subfield code="a">720.228</subfield>
    <subfield code="b">WOR</subfield>
  </datafield>
  <datafield tag="245" ind1="0" ind2="0">
    <subfield code="a">Worldmodelling: </subfield>
    <subfield code="b">Architectural Models in the 21st Century/</subfield>
    <subfield code="c">Edited by Mark Morris and Mike Aling</subfield>
  </datafield>
  <datafield tag="260" ind1=" " ind2=" ">
    <subfield code="a">London:</subfield>
    <subfield code="b">Wiley;</subfield>
    <subfield code="c">2021.</subfield>
  </datafield>
  <datafield tag="300" ind1=" " ind2=" ">
    <subfield code="a">144p.:</subfield>
    <subfield code="b">ill;</subfield>
  </datafield>
  <datafield tag="440" ind1=" " ind2=" ">
    <subfield code="a">Architectural design</subfield>
    <subfield code="v">v. 91, no. 03</subfield>
    <subfield code="9">33235</subfield>
  </datafield>
  <datafield tag="650" ind1=" " ind2=" ">
    <subfield code="2">Architectural design</subfield>
  </datafield>
  <datafield tag="700" ind1="1" ind2=" ">
    <subfield code="a">Morris,Mark</subfield>
    <subfield code="9">121955</subfield>
  </datafield>
  <datafield tag="700" ind1="1" ind2=" ">
    <subfield code="a">Aling,Mike</subfield>
    <subfield code="9">121956</subfield>
  </datafield>
  <datafield tag="942" ind1=" " ind2=" ">
    <subfield code="2">ddc</subfield>
    <subfield code="c">BK</subfield>
  </datafield>
  <datafield tag="999" ind1=" " ind2=" ">
    <subfield code="c">608596</subfield>
    <subfield code="d">608596</subfield>
  </datafield>
  <datafield tag="952" ind1=" " ind2=" ">
    <subfield code="0">0</subfield>
    <subfield code="1">0</subfield>
    <subfield code="2">ddc</subfield>
    <subfield code="4">0</subfield>
    <subfield code="7">0</subfield>
    <subfield code="a">SADA</subfield>
    <subfield code="b">SADA</subfield>
    <subfield code="d">2022-06-13</subfield>
    <subfield code="e">Golden Books</subfield>
    <subfield code="l">0</subfield>
    <subfield code="o">720.228 WOR 2021.</subfield>
    <subfield code="p">SADA0002946</subfield>
    <subfield code="r">2024-03-07</subfield>
    <subfield code="v">5818.00</subfield>
    <subfield code="w">2024-03-07</subfield>
    <subfield code="y">BK</subfield>
  </datafield>
</record>
